| 000 | 00468cam a2200193ua 4500 | ||
|---|---|---|---|
| 001 | 7192 | ||
| 008 | 141203n ii |||gr||||Z||||||eng | ||
| 020 | _a8170994764 | ||
| 040 | _cMAIN | ||
| 041 | _aeng | ||
| 082 | _a954 | ||
| 100 |
_aBhattacharjee,A., _eAuthor. |
||
| 245 | 1 |
_aAssam in Indian independence _cBy Arun Bhattacharjee |
|
| 250 | _a1st. | ||
| 260 |
_aNew Delhi: _bMittal, _c1993. |
||
| 300 | _a157p. | ||
| 653 | _aAssam Independence history | ||
| 942 | _cBK | ||
| 999 |
_c6318 _d6318 |
||